Gaming Quiz

Random Gaming or Minecraft Quiz

Find the Minecraft Block Quiz Stats

 Plays Quiz Updated Mar 19, 2020

     
Support Sporcle.
Go Orange.
Score 0/25 Timer 06:00
14 Plays Today
% Correct
Cactus
92.1%
Chest
92%
Water
91.9%
Furnace
91.4%
Grass Block
91.4%
Ice
91.3%
Diamond Ore
90.8%
Redstone Ore
90.5%
Sand
90.5%
Block of Gold
90.1%
Wood Planks
90.1%
Obsidian
89.9%
Sandstone
89.9%
% Correct
Coal Ore
89.2%
Glowstone
89%
Cobblestone
88.7%
Iron Ore
88.2%
Stone
87.9%
Bedrock
87.7%
Netherrack
86.9%
Lapis Lazuli Ore
86.8%
Nether Quartz Ore
86.8%
Gold Ore
86.8%
Wood
85.3%
Mycelium
83.5%

From the Vault

Big 4 Teams with a 'K'

by manonthemoon

Sports 3m
Before you get all uppity, Orlando Magick is not an answer.
Remove Ads.
Support Sporcle.
Get the best of Sporcle when you Go Orange. This ad-free experience offers more features, more stats, and more fun while also helping to support Sporcle. Thank you for becoming a member.

Show Comments

Extras

Top Quizzes Today


Score Distribution

Your Account Isn't Verified!

In order to create a playlist on Sporcle, you need to verify the email address you used during registration. Go to your Sporcle Settings to finish the process.

Report this User

Report this user for behavior that violates our Community Guidelines.

Details: